Etiqueta de registo: 00254nam 2200025 450
001 2164663
003 http://id.bnportugal.gov.pt/bib/catbnp/2164663
010 ## $a978-625-8328-07-3
100 ## $a20240419d2018 m y0pory01030103ba
101 1# $atur$cpor
102 ## $aTR
105 ## $ay z 000ay
106 ## $ar
200 1# $aGitme$fDavid Machado$gtrad. Pelin Doygun
210 #9 $a[S.l.]$cSMS,$dcop. 2018
215 ## $a152 p.$d21 cm
304 ## $aTít. orig.: Não te afastes
675 ## $a087.5$vBN$zpor$3287999
675 ## $a821.134.3-93"20"$vBN$zpor$31046482
700 #1 $aMachado,$bDavid,$f1978-$31294802
702 #1 $aDoygun,$bPelin$4730$31914126
801 #0 $aPT$bBN$gRPC
966 ## $lBN$mFGMON$sP. 72386 V.$x3
971 ## $cabrito$d20240419
973 ## $cigoulao$d20260330